Optimization in HPLC. HPLC-Technology and Applications /

Enregistré dans:
Détails bibliographiques
Auteurs principaux: Kaiser, R.E (Auteur), Oelrich, E (Auteur)
Format: Livre
Publié: Heidelberg : Dr. Alfred Hüthig Verlag, 1981
Tags: Ajouter un tag
Pas de tags, Soyez le premier à ajouter un tag!

MARC

LEADER 00000nam a22000003a 4500
001 stu15261
005 20150617225757.9
008 ------s1981----gw----------------------d
040 |a STU  |b slo 
041 0
044 |a gw 
080 |a 543.544 
100 1 |a Kaiser, R.E  |4 aut 
245 1 |a Optimization in HPLC. HPLC-Technology and Applications /  |c [aut.]Kaiser,R.E., Oelrich,E 
260 |a Heidelberg :  |b Dr. Alfred Hüthig Verlag,  |c 1981 
300 |a 278 s :  |b Obr.,tab.,grafy,lit.,index 
700 1 |a Oelrich, E  |4 aut 
996 |b C79801  |c C*79801  |l CCI  |s A  |a 24  |w stu15261_0001